А kanizsayak fizetési lajstroma 1503-4-ből

Elmentve itt :
Bibliográfiai részletek
Szerző: Iványi Béla
Dokumentumtípus: Cikk
Megjelent: 1905
Sorozat:Magyar gazdaságtörténelmi szemle 12
Kulcsszavak:Magyarország történelme, Gazdaságtörténet
Online Access:http://misc.bibl.u-szeged.hu/833
LEADER 00606nab a2200169 i 4500
001 misc833
005 20191106143952.0
008 170607s1905 hu o 0|| lat d
040 |a SZTE Miscellanea Repozitórium  |b hun 
041 |a lat 
100 1 |a Iványi Béla 
245 1 0 |a А kanizsayak fizetési lajstroma 1503-4-ből  |h [elektronikus dokumentum] /  |c  Iványi Béla 
260 |c 1905 
300 |a 15-35 
490 0 |a Magyar gazdaságtörténelmi szemle  |v 12 
695 |a Magyarország történelme, Gazdaságtörténet 
856 4 0 |u http://misc.bibl.u-szeged.hu/833/1/gazd_tort_szeml_1905_015-035.pdf  |z Dokumentum-elérés